Online
Catalog

La luz eléctrica de Edison. / (Record no. 36368)

MARC details
000 -CABECERA
campo de control de longitud fija 00616nam a2200193 a 4500
001 - NÚMERO DE CONTROL
campo de control 000036877
005 - FECHA Y HORA DE LA ÚLTIMA TRANSACCIÓN
campo de control 20200930080007.0
008 - DATOS DE LONGITUD FIJA--INFORMACIÓN GENERAL
campo de control de longitud fija 120203s1987 sp a 000 0 spa d
020 ## - NÚMERO INTERNACIONAL ESTÁNDAR DEL LIBRO
Número Internacional Estándar del Libro 8472900509
040 ## - FUENTE DE LA CATALOGACIÓN
Centro catalogador/agencia de origen DO-SdBNP
Lengua de catalogación spa
Centro/agencia transcriptor BNPHU
082 ## - NÚMERO DE LA CLASIFICACIÓN DECIMAL DEWEY
Número de clasificación xxxx
Número de documento/Ítem F899
100 1# - ENTRADA PRINCIPAL--NOMBRE DE PERSONA
Nombre de persona Friedel, Robert
9 (RLIN) 63245
240 13 - TÍTULO UNIFORME
Título uniforme Edison´s electric light
Lenguaje de la obra Español
245 13 - MENCIÓN DE TÍTULO
Título La luz eléctrica de Edison. /
Mención de responsabilidad, etc. Robert Friedel & Paul Israel con Bernard S. Finn.
260 ## - PUBLICACIÓN, DISTRIBUCIÓN, ETC.
Lugar de publicación, distribución, etc. Barcelona :
Nombre del editor, distribuidor, etc. Ediciones Bellaterra,
Fecha de publicación, distribución, etc. 1987.
300 ## - DESCRIPCIÓN FÍSICA
Extensión 269 p ;
Dimensiones 28 cm.
500 ## - NOTA GENERAL
Nota general Traducido del inglés
504 ## - NOTA DE BIBLIOGRAFÍA, ETC.
Nota de bibliografía, etc. Notas bibliográficas : p.243-258
Holdings
Estado de retiro Estado de pérdida Restricciones de uso No para préstamo Código de colección Localización permanente Ubicación/localización actual Ubicación en estantería Fecha de adquisición Número de inventario Total de préstamos Signatura topográfica completa Código de barras Fecha visto por última vez Precio válido a partir de Tipo de ítem Koha
      Excluido de préstamo Monografías: Libros y Folletos General General En catalogación 03.02.2012 LF1   xxxx F899 36877-10 25.06.2020 25.06.2020 No se presta

Powered by Koha